Populated And Huge Countries - Statistics

General Stats
  • This quiz has been taken 35 times
  • The average score is 11 of 13
Answer Stats
Population Rank Answer Area Rank % Correct
1 China 2
100%
2 India 7
97%
9 Russia 1
97%
3 United States 3
97%
10 Mexico 14
89%
6 Brazil 5
86%
4 Indonesia 15
83%
18 Iran 18
83%
16 DR Congo 11
80%
14 Egypt 30
69%
12 Ethiopia 27
69%
25 South Africa 25
66%
29 Colombia 26
63%
No matching quizzes found
Score Distribution
Percent of People with Each Score
Percentile by Number Answered
Your Score History
You have not taken this quiz